The empty space (Record no. 16166)

MARC details
000 -LEADER
fixed length control field 00458nam a22001697a 4500
008 - FIXED-LENGTH DATA ELEMENTS--GENERAL INFORMATION
fixed length control field 161007b xxu||||| |||| 00| 0 eng d
020 ## - INTERNATIONAL STANDARD BOOK NUMBER
International Standard Book Number 0684829576
040 ## - CATALOGING SOURCE
Original cataloging agency KABU
Transcribing agency KABU
050 ## - LIBRARY OF CONGRESS CALL NUMBER
Classification number PN1655
Item number .B76 1996 C.1
100 ## - MAIN ENTRY--PERSONAL NAME
Personal name Brook, Peter
245 ## - TITLE STATEMENT
Title The empty space
Statement of responsibility, etc. by Brook Peter
260 ## - PUBLICATION, DISTRIBUTION, ETC. (IMPRINT)
Place of publication, distribution, etc. USA
Name of publisher, distributor, etc. Touchstone
Date of publication, distribution, etc. 1996
300 ## - PHYSICAL DESCRIPTION
Extent 141 p.
650 ## - SUBJECT ADDED ENTRY--TOPICAL TERM
Source of heading or term Theatre
650 ## - SUBJECT ADDED ENTRY--TOPICAL TERM
Source of heading or term Drama
942 ## - ADDED ENTRY ELEMENTS (KOHA)
Source of classification or shelving scheme Library of Congress Classification
Koha item type General Collection
Classification part PN1655 .B76 1996 C.1
Holdings
Withdrawn status Lost status Source of classification or shelving scheme Not for loan Home library Current library Shelving location Date acquired Cost, normal purchase price Total Checkouts Full call number Barcode Date last seen Copy number Price effective from Koha item type
    Library of Congress Classification   Kabarak, Main Campus Kabarak, Main Campus General Stacks 07/10/2016 3580.20   PN1655 .B76 1996 C.1 026839 07/10/2016 C.1 07/10/2016 General Collection
    Library of Congress Classification   Kabarak, Main Campus Kabarak, Main Campus General Stacks 07/10/2016 3580.20   PN1655 .B76 1996 C.2 026838 07/10/2016 C.2 07/10/2016 General Collection
    Library of Congress Classification   Kabarak, Main Campus Kabarak, Main Campus General Stacks 07/10/2016 3580.20   PN1655 .B76 1996 C.3 026837 07/10/2016 C.3 07/10/2016 General Collection
Designed with assistance from East African Informatics Ltd